Kunsttheorie und Kunstgeschichte : eine Einführung in die Lebensbeschreibungen berühmter Künstler anhand der Proemien
Saved in:
| Main Author: | |
|---|---|
| Other Authors: | |
| Document Type: | Book |
| Language: | German |
| Published: |
Berlin
: Wagenbach
, 2004
|
| Edition: | Dt. Erstausg., 1. Aufl. |
| Series: | Vasari, Giorgio 1511-1574 Edition Giorgio Vasari.
|
| Subjects: | |
| Online Access: | Inhaltsverzeichnis Inhaltsverzeichnis |
| Related Items: | Rezension:
[Rezension von: Giorgio Vasari, Kunstgeschichte und Kunsttheorie - Giorgio Vasari, Mein Leben] |
| Author Notes: | Giorgio Vasari. Neu übers. von Victoria Lorini. Hrsg., eingeleitet und kommentiert von Matteo Burioni ... |
| LEADER | 04613cam a2200781 cb4500 | ||
|---|---|---|---|
| 001 | 1180708075 | ||
| 003 | DE-627 | ||
| 005 | 20260626094810.0 | ||
| 007 | tu | ||
| 008 | 040331s2004 xx ||||| 00| ||ger c | ||
| 015 | |a 03,N50,1372 |2 dnb | ||
| 015 | |a 04,A24,1197 |2 dnb | ||
| 016 | 7 | |a 969340273 |2 DE-101 | |
| 020 | |a 3803150205 |9 3-8031-5020-5 | ||
| 020 | |a 9783803150202 |9 978-3-8031-5020-2 | ||
| 024 | 3 | |a 9783803150202 | |
| 035 | |a (DE-627)1180708075 | ||
| 035 | |a (DE-603)120851504 | ||
| 035 | |a (DE-576)110708075 | ||
| 035 | |a (DE-599)DNB969340273 | ||
| 035 | |a (OCoLC)238636855 | ||
| 035 | |a (OCoLC)314521220 | ||
| 040 | |a DE-627 |b ger |c DE-627 |e rakwb | ||
| 041 | |a ger | ||
| 082 | 0 | 4 | |a 700 |
| 084 | |a 46 |2 sdnb | ||
| 084 | |a 9,10 |2 ssgn | ||
| 084 | |a LI 91650 |2 rvk |0 (DE-625)rvk/97328: | ||
| 084 | |a LH 64800 |2 rvk |0 (DE-625)rvk/94508: | ||
| 084 | |a LH 64610 |2 rvk |0 (DE-625)rvk/94494:154 | ||
| 084 | |a LH 63595 |2 rvk |0 (DE-625)rvk/94399: | ||
| 100 | 1 | |a Vasari, Giorgio |d 1511-1574 |0 (DE-588)118626213 |0 (DE-627)133894010 |0 (DE-576)163397686 |4 aut | |
| 245 | 1 | 0 | |a Kunsttheorie und Kunstgeschichte |b eine Einführung in die Lebensbeschreibungen berühmter Künstler anhand der Proemien |c Giorgio Vasari. Neu übers. von Victoria Lorini. Hrsg., eingeleitet und kommentiert von Matteo Burioni ... |
| 246 | 1 | |i Nebent. |a Kunstgeschichte und Kunsttheorie | |
| 250 | |a Dt. Erstausg., 1. Aufl. | ||
| 263 | |a Pb. : EUR 12.90, CHF 22.60, EUR AT 13.30 | ||
| 264 | 1 | |a Berlin |b Wagenbach |c 2004 | |
| 300 | |a 285 S. |b Ill. | ||
| 336 | |a Text |b txt |2 rdacontent | ||
| 337 | |a ohne Hilfsmittel zu benutzen |b n |2 rdamedia | ||
| 338 | |a Band |b nc |2 rdacarrier | ||
| 361 | 1 | |5 DE-Po86 |y 4981683669 |s Y/Vas-3 |o Vorbesitz |a Jacobs, Fritz |0 (DE-588)133823962 |0 (DE-627)556793943 |0 (DE-576)161556191 |f Exlibris | |
| 490 | 1 | |a Vasari-Edition / Giorgio Vasari | |
| 583 | 1 | |a Archivierung/Langzeitarchivierung gewährleistet |f SSG |x XA-DE-BW |2 pdager |5 DE-16 | |
| 583 | 1 | |a Archivierung prüfen |c 20240324 |f DE-4165 |z 1 |2 pdager | |
| 648 | 7 | |a Geschichte 1400-1600 |2 gnd | |
| 689 | 0 | 0 | |d s |0 (DE-588)4000626-8 |0 (DE-627)106400541 |0 (DE-576)208838821 |a Ästhetik |2 gnd |
| 689 | 0 | |5 DE-101 | |
| 689 | 1 | 0 | |d s |0 (DE-588)4000626-8 |0 (DE-627)106400541 |0 (DE-576)208838821 |a Ästhetik |2 gnd |
| 689 | 1 | 1 | |a z |2 gnd |a Geschichte 1400-1600 |
| 689 | 1 | |5 (DE-627) | |
| 700 | 1 | |a Lorini, Victoria |d 1969- |e Übers. |0 (DE-588)132447894 |0 (DE-627)52270543X |0 (DE-576)187773335 |4 trl | |
| 700 | 1 | |a Burioni, Matteo |d 1972- |e Hrsg. |0 (DE-588)1028566174 |0 (DE-627)730934454 |0 (DE-576)376052988 |4 edt | |
| 787 | 0 | 8 | |i Rezension |a Pfisterer, Ulrich, 1968 - |t [Rezension von: Giorgio Vasari, Kunstgeschichte und Kunsttheorie - Giorgio Vasari, Mein Leben] |d 2005 |w (DE-627)1546924132 |w (DE-576)476924138 |
| 800 | 1 | |a Vasari, Giorgio |d 1511-1574 |t Edition Giorgio Vasari. |9 kunstt |w (DE-627)1181663504 |w (DE-576)111663504 |7 am | |
| 856 | 4 | 2 | |u http://d-nb.info/969340273/04 |m V:DE-605 |q application/pdf |3 Inhaltsverzeichnis |7 1 |
| 856 | 4 | 2 | |u http://scans.hebis.de/HEBCGI/show.pl?12085150_toc.pdf |m V:DE-605 |q application/pdf |3 Inhaltsverzeichnis |7 1 |
| 936 | r | v | |a LI 91650 |b Vasari, Giorgio |k Kunstgeschichte |k Künstler-Monografien |k Alphabetische Künstlerliste |k Künstler V |k Vasari, Giorgio |0 (DE-627)1271166070 |0 (DE-625)rvk/97328: |0 (DE-576)201166070 |
| 936 | r | v | |a LH 64800 |b Schriften einzelner Kunstliebhaber und Kunstschriftsteller bis Todesjahr 1800 einschließlich |k Kunstgeschichte |k Allgemeines. Allgemeine Kunstgeschichte |k Allgemeine Kunstgeschichte: Quellen |k Quellenschriften zur gesamten Kunstgeschichte |k Schriften einzelner Kunstliebhaber und Kunstschriftsteller bis Todesjahr 1800 einschließlich |0 (DE-627)1271072726 |0 (DE-625)rvk/94508: |0 (DE-576)201072726 |
| 936 | r | v | |a LH 64610 |b allgemein |k Kunstgeschichte |k Allgemeines. Allgemeine Kunstgeschichte |k Allgemeine Kunstgeschichte: Quellen |k Quellenschriften zur gesamten Kunstgeschichte |k Quellenschriften nach Ländern |k Italien (einschließlich der außeritalienischen Gebiete der Republik Venedig) |k allgemein |0 (DE-627)1271072572 |0 (DE-625)rvk/94494:154 |0 (DE-576)201072572 |
| 936 | r | v | |a LH 63595 |b Vasari, Giorgio |k Kunstgeschichte |k Allgemeines. Allgemeine Kunstgeschichte |k Geschichte der Kunstwissenschaft |k Schriften über Kunsthistoriker |k Einzeldarstellungen (Autobiografien,Biografien, Festansprachen, Leichenreden, Nachrufe u. dergl.) |k Namen V |k Vasari, Giorgio |0 (DE-627)1271293226 |0 (DE-625)rvk/94399: |0 (DE-576)201293226 |
| 936 | s | n | |a l300 |2 mzub |
| 951 | |a MV | ||
| 990 | |a Ästhetik | ||
| 990 | |a Ästhetik | ||
| 990 | |a Geschichte 1400-1600 | ||
| 991 | |a Rezensiertes Werk | ||
| 999 | |a KXP-PPN1180708075 |e 4154180533 | ||


